| 000 | 00574nam a22002057a 4500 | ||
|---|---|---|---|
| 003 | OSt | ||
| 005 | 20220107122833.0 | ||
| 008 | 170811b xxu||||| |||| 00| 0 eng d | ||
| 020 | _a9780691161518 | ||
| 040 | _cIIITMK | ||
| 082 | _a510 LAN/P | ||
| 100 |
_aLane, Mathew _912773 |
||
| 245 |
_aPower-up: _bUnlocking the hidden mathematics in video games |
||
| 260 |
_aNew Jersey, _bPrinceton University Press, _c2017. |
||
| 300 | _axii,275p | ||
| 650 |
_aVIDEO GAMES _912774 |
||
| 650 |
_aMATHEMATICS _912775 |
||
| 650 |
_aMATHEMATICS IN VIDEO GAMES _912776 |
||
| 942 |
_2ddc _cBK |
||
| 999 |
_c5824 _d5824 |
||